| 000 | 00449 a2200181 4500 | ||
|---|---|---|---|
| 999 |
_c534411 _d534411 |
||
| 003 | NUST | ||
| 005 | 20200219124152.0 | ||
| 008 | 200219b ||||| |||| 00| 0 eng d | ||
| 020 | _a9695191193 | ||
| 038 | _aMSOHAIL | ||
| 082 | _a297.2 | ||
| 100 |
_aJames Winston Morris _928548 |
||
| 245 | _aThe Wisdom of the Throne | ||
| 260 |
_aLahore _bSuhail Academy _c2005 |
||
| 300 | _a276; p. | ||
| 500 | _aHardcover | ||
| 942 |
_aNBS _cBK _k297.2 MOR _2ddc |
||